Movies Quiz

Random Movies or Disney Quiz

Disney Characters A-Z: M Quiz Stats

 Plays Quiz not verified by Sporcle

Challenge
Share
Tweet
Embed
Score 0/44 Timer 08:00
0 Plays Today
Movie Character % Correct
Mickey MouseMickey Mouse
85.8%
Mickey MouseMinnie Mouse
84%
MulanMulan
83.2%
Alice in WonderlandThe Mad Hatter
75.6%
HerculesMegera
70.9%
Sleeping BeautyMaleficent
69.2%
The Lion KingMufasa
69.2%
The Sword in the StoneMerlin
69%
The AristocatsMarie
68.3%
MulanMushu
68.1%
Sleeping BeautyMerryweather
67.4%
Robin HoodMaid Marian
67%
Peter PanMichael Darling
65.2%
TangledMother Gothel
63.4%
The Jungle BookMowgli
63.2%
Beauty and the BeastMaurice
62.5%
Beauty and the BeastMrs. Potts
62.1%
PocahontasMeeko
61.4%
The Adventures of Ichabod and Mr. ToadMr. Toad
59.7%
The Sword in the StoneMadame Mim
58.8%
Alice in WonderlandThe March Hare
58.5%
Atlantis: The Lost EmpireMilo Thatch
56.8%
Movie Character % Correct
The RescuersMadame Medusa
55.9%
AladdinThe Magic Carpet
54.6%
BambiMan
53.9%
Mickey MouseMax Goof
53.7%
TangledMaximus
52.6%
Peter PanMary Darling
52.3%
BoltMittens
51.4%
Snow White and the Seven DwarfsThe Magic Mirror
51%
DumboMrs. Jumbo
50.6%
The Princess and the FrogMama Odie
49.2%
Home on the RangeMaggie
47.2%
Peter PanMr. Smee
44.8%
Mickey MouseMortimer Mouse
35.3%
Treasure PlanetMorph
34.1%
Home on the RangeMrs. Calloway
33.3%
The AristocatsMadame Bonfamille
31.9%
The Adventures of Ichabod and Mr. ToadMoley
30.6%
Wreck-It RalphMr. Litwak
27.9%
Chicken LittleMelvin
25.7%
Meet the RobinsonsMildred
23%
BoltMindy
22.8%
Atlantis: The Lost EmpireMr. Whitmore
19.7%

You're not logged in!

Compare scores with friends on all Sporcle quizzes.
OR
Log In

You Might Also Like...

Show Comments

Extras

Top Quizzes Today


Score Distribution

Your Account Isn't Verified!

In order to create a playlist on Sporcle, you need to verify the email address you used during registration. Go to your Sporcle Settings to finish the process.

Report this User

Report this user for behavior that violates our Community Guidelines.

Details: